000 00847nam a2200289 i 4500
001 16307
003 DO-SdUEMH
005 20260130155243.0
007 ta
008 211105s2004||||dr |||gr|||| 0|| | spa d
040 _aDO-SdUEMH
_bspa
_erda
041 _aspa
082 1 4 _aRD347.007293 T231E 2004
_mRD
_bT231
084 _b08-00185
100 1 _aTavares, F.
_eaut
245 0 _aElementos de Derecho Procesal Civil Dominicano /
_cF. Tavares
260 _c2004
264 1 _aSanto Domingo, República Dominicana :
_bCorripio, A. por C.,
_c2004
264 4 _c©2004
300 _axviii, 487 páginas :
_c22 cm.
336 _2rdacontent
_atexto
_btxt
337 _2rdamedia
_asin mediación
_bn
338 _2rdacarrier
_avolumen
_bnc
504 _aContiene Información Bibliográfica a Final de la Obra.
942 _2ddc
_cBK
_n0
999 _c16307
_d16307